000
00332 a2200157 4500
001
14277
020
_a
9788574060743
040
_c
Anchieta - Aquarius
100
_a
Prieto, Heloisa
240
1
0
_a
Mata
_l
por
245
1
0
_a
Mata
300
_a
63 p.
362
0
_a
2015
650
4
_a
Folclore / Adivinhações / Lendas
942
_c
BK
999
_c
14277
_d
14277